000 01082nem a2200313 4500
001 ebr5008925
003 CaPaEBR
006 m u
007 cr cn|||||||||
008 101210s1999 xx s a s 0 eng d
034 0 _aa
040 _aCaPaEBR
_cCaPaEBR
035 _a(OCoLC)704523595
050 1 4 _aDK508.12
_bU37 1999eb
050 1 4 _aG7100 1999
_b.U37eb
052 _a7100
245 0 0 _aUkraine
_h[electronic resource].
246 3 _iTitle from title screen:
_aHypsometric map, Europe, Ukraine
255 _aScale varies.
260 _a[S.l.] :
_bMaps.com,
_cc1999.
300 _a1 online resource (1 map)
533 _aElectronic reproduction.
_bPalo Alto, Calif. :
_cebrary,
_d2011.
_nAvailable via World Wide Web.
_nAccess may be limited to ebrary affiliated libraries.
651 0 _aUkraine
_vMaps.
651 0 _aUkraine.
655 7 _aElectronic books.
_2local
710 2 _aMaps.com (Firm)
710 2 _aebrary, Inc.
856 4 0 _uhttp://site.ebrary.com/lib/rucke/Doc?id=5008925
_zAn electronic book accessible through the World Wide Web; click to view
999 _c5848
_d5848